00637nam a2200205Ia 450000500170000000800410001702000130005808200130007110000130008424500900009726000430018730000170023065000100024765000200025765000240027765000120030194200060031395200970031999900150041620240926012321.0240331s9999 xx 000 0 und d a0805505X bLANa790 aLange, S 0aFromnation-building to popularculture :bThe modernization of performance in Tanzania aNorwaybCHR. Michelsen institutec1995 aix, 182 p ., aDance aperforming arts aTraditional culture atheatre cL 001040708LaWERCLbWERCLcSSCd2024-03-31l0o 790.2 LANp3870r2024-03-31w2024-03-31yL c3087d3087